000 00456nam a2200181Ia 4500
005 20250508162724.0
008 008 250505s9999 xx 000 0 hin d
037 _aTextual
040 _aFEDL
_beng
_cFEDL
041 _ahin
_2eng
084 _a920, IND
_qFEDL
245 0 _aBharat ke nari ratn
245 0 _cInformationa and Board Casting
260 _c1983
300 _a108p.
942 _cTEXL
_h920, IND
999 _c1378301
_d1378301